[Event "AUTO-OPEN-688"]
[Site "http://www.queenalice.com/game.php?id=221582"]
[Date "2007.6.6"]
[Round "1"]
[White "kanibal"]
[Black "lucianoterra"]
[Result "1-0"]
[WhiteElo "1312"]
[BlackElo "1392"]

1. g3 a5 2. Nf3 e6 3. Bg2 Bc5 4. d4 Ba7 5. Nc3 c6 6. O-O b5 7. a3 Ba6 8. Ne4 d5
9. Neg5 Nh6 10. Qd2 f6 11. Nxe6 Qe7 12. Qe3 Ng4 13. Bh3 Nxe3 14. Bxe3 Qxe6 15.
Bxe6 b4 16. Rfe1 g5 17. axb4 g4 18. Bxg4 O-O 19. Rxa5 Bb6 20. Ra3 f5 21. Bh3 Nd7
22. Bxf5 Rxf5 23. Nh4 Rh5 24. Rc3 Rc8 25. Ra3 Nb8 26. Bf4 Nd7 27. Rxa6 Bxd4 28.
c3 Bb6 29. e3 Rf8 30. Bd6 Kh8 31. Bxf8 Kg8 32. Bd6 Kf7 33. e4 Ke6 34. Bf4 Nf6
35. Rxb6 Kd7 36. e5 Kc7 37. Ra6 Nd7 38. e6+ Kc8 39. Rxc6+ Kd8 40. e7+ Ke8 41.
Rc8+ Kf7 42. e8=Q+ Kf6 43. Qxh5 Kg7 44. Re7+ Kf6 45. Rxd7 Ke6 46. Qe5+ Kxd7 47.
Rc7+ Kd8 48. Bg5# 1-0

[Event "AUTO-OPEN-688"]
[Site "http://www.queenalice.com/game.php?id=221583"]
[Date "2007.6.6"]
[Round "1"]
[White "lucianoterra"]
[Black "CampbellMarcel"]
[Result "1-0"]
[WhiteElo "1366"]
[BlackElo "400"]

1. d4 d6 2. e3 b6 3. Qf3 c6 4. Bc4 d5 5. Bb3 Nf6 6. h4 Bg4 7. Qg3 h5 8. f3 Be6
9. e4 dxe4 10. c3 exf3 11. Nxf3 Bxb3 12. Ng5 e6 13. axb3 Bd6 14. Qh3 Ng4 15. Bd2
Nd7 16. O-O f6 17. Nxe6 Qe7 18. Re1 Bh2+ 19. Kh1 Nf2+ 20. Kxh2 Nxh3 21. Nxg7+
Kd8 22. Rxe7 Kxe7 23. Nf5+ Ke6 24. Ng7+ Kf7 25. Nf5 Nf2 26. Nd6+ Ke6 27. Bf4
Rag8 28. Bg3 Ng4+ 29. Kh3 Nf2+ 30. Bxf2 Kxd6 31. Nd2 Rg4 32. Rxa7 b5 33. Nf3
Rhg8 34. c4 Rxg2 35. c5+ 1-0

[Event "AUTO-OPEN-688"]
[Site "http://www.queenalice.com/game.php?id=221584"]
[Date "2007.6.6"]
[Round "1"]
[White "CampbellMarcel"]
[Black "lucianoterra"]
[Result "1-0"]
[WhiteElo "1671"]
[BlackElo "1369"]

1. d4 e6 2. e4 Qf6 3. e5 Qd8 4. Nf3 d5 5. Bd3 a6 6. O-O Nc6 7. c3 b5 8. Bg5 f6
9. exf6 gxf6 10. Bh4 e5 11. dxe5 Nxe5 12. Nxe5 fxe5 13. Bxd8 e4 14. Bxe4 dxe4
15. Re1 Bb7 16. Bxc7 Rc8 17. Qh5+ Kd7 18. Be5 Rc5 19. Qf7+ Be7 20. Rd1+ Kc6 21.
Bxh8 Kb6 22. Bd4 Bd5 23. Bxc5+ Kxc5 24. Qxd5+ Kb6 25. Qxg8 Bc5 26. Qd8+ Kc6 27.
b4 Bb6 28. Qd7# 1-0

[Event "AUTO-INT-484"]
[Site "http://www.queenalice.com/game.php?id=221706"]
[Date "2007.6.7"]
[Round "1"]
[White "lucianoterra"]
[Black "bruno_borges"]
[Result "0-1"]
[WhiteElo "1349"]
[BlackElo "2031"]

1. e4 e5 2. h4 Nf6 3. Qf3 d5 4. g4 Bxg4 5. Qb3 Nxe4 6. Rh2 Nc5 7. Qg3 Bf5 8. b4
Ncd7 9. Bb5 c6 10. Bd3 e4 11. Be2 Nf6 12. d3 Bd6 13. Qxg7 Rg8 14. Qxg8+ Nxg8 15.
Bg5 f6 16. Bh5+ Bg6 17. Bxg6+ hxg6 18. Rg2 fxg5 19. dxe4 Bxb4+ 20. c3 Qf6 21.
Nd2 Bxc3 22. Rb1 Bxd2+ 23. Kxd2 Ne7 24. Re1 Nd7 25. hxg5 Qd4+ 26. Ke2 Qxe4+ 27.
Kf1 Qd3+ 28. Ne2 O-O-O 29. Rg3 Qc4 30. Ra3 Rh8 31. Rc3 Rh1+ 32. Kg2 Qe4+ 33. f3
Qh4 34. Rxh1 Qxg5+ 35. Kf2 Nf5 36. Rg1 Qh4+ 37. Kf1 Ne5 38. f4 Nc4 39. Rxg6 Nd2+
40. Kg2 Ne4 41. Rh3 Qf2+ 42. Kh1 Qf1+ 43. Ng1 Nf2+ 44. Kh2 Nxh3 45. Rg8+ Kc7 46.
Rh8 Qxg1+ 47. Kxh3 Qg3# 0-1

[Event "AUTO-INT-484"]
[Site "http://www.queenalice.com/game.php?id=221707"]
[Date "2007.6.7"]
[Round "1"]
[White "bruno_borges"]
[Black "lucianoterra"]
[Result "1-0"]
[WhiteElo "2033"]
[BlackElo "1347"]

1. e4 e5 2. Nf3 Nc6 3. Bb5 Nd4 4. Nxd4 exd4 5. O-O c6 6. Bc4 b5 7. Bb3 a5 8. a4
Ba6 9. Qf3 Nh6 10. d3 Bd6 11. axb5 Bxb5 12. Bxh6 Qf6 13. Qxf6 gxf6 14. Nd2 a4
15. Nf3 c5 16. Bd5 O-O-O 17. Bxf7 Bf8 18. Bxf8 Rdxf8 19. Bd5 Bc6 20. Bxc6 dxc6
21. Rxa4 Kd7 22. Rfa1 Rf7 23. Ra7+ Ke6 24. Rxf7 Kxf7 25. Ra7+ Kg6 26. Rc7 Ra8
27. Kf1 Ra2 28. Rxc6 Rxb2 29. Rxc5 Rb1+ 30. Ke2 Rb2 31. Nxd4 Rb6 32. Rc6 Rb4 33.
Nf5 Rb7 34. d4 Re7 35. f3 h5 36. d5 Re5 37. d6 Re8 38. d7 Rd8 39. Rd6 Kf7 40. c4
Kg6 41. c5 Kg5 42. c6 Kf4 43. c7 Ra8 44. d8=Q Ra2+ 45. Rd2 Ra3 46. Qd6+ Kg5 47.
h4+ Kg6 48. Ne7+ Kg7 49. c8=Q Ra7 50. Qg8+ Kh6 51. Nf5# 1-0

[Event "AUTO-INT-484"]
[Site "http://www.queenalice.com/game.php?id=221708"]
[Date "2007.6.7"]
[Round "1"]
[White "lucianoterra"]
[Black "IkeBroflovski"]
[Result "0-1"]
[WhiteElo "1345"]
[BlackElo "1770"]

1. e3 e5 2. h4 d5 3. Nf3 e4 4. Ne5 Nf6 5. f3 Bd6 6. Bb5+ c6 7. Nc4 Bg3+ 8. Kf1
cxb5 9. Nca3 Nc6 10. Nxb5 a6 11. N5c3 O-O 12. Ne2 Bc7 13. g4 exf3 14. g5 fxe2+
15. Qxe2 Ne4 16. Rg1 Ng3+ 17. Rxg3 Bxg3 18. Qg2 Bxh4 19. Nc3 Bf5 20. e4 dxe4 21.
d3 Qd7 22. dxe4 Bh3 23. Qxh3 Qxh3+ 24. Ke2 Nd4+ 25. Kd2 Rad8 26. b4 Nb3+ 27. Ke2
Qg2+ 28. Ke3 Bxg5# 0-1

[Event "AUTO-INT-484"]
[Site "http://www.queenalice.com/game.php?id=221709"]
[Date "2007.6.7"]
[Round "1"]
[White "IkeBroflovski"]
[Black "lucianoterra"]
[Result "0-1"]
[WhiteElo "1603"]
[BlackElo "1260"]

1. Nf3 e6 2. d4 d6 3. e4 d5 4. exd5 Qxd5 5. c4 Qd8 6. Nc3 h6 7. Be2 g5 8. Be3 b6
9. O-O g4 10. Ne5 Qe7 11. Bxg4 f6 12. Bh5+ Kd8 13. Nf7+ Kd7 14. Nxh8 f5 15. Ng6
Qf6 16. Nxf8+ Qxf8 17. d5 e5 18. f4 e4 19. Qa4+ Kd8 20. Nb5 Na6 21. Nd4 Nc5 0-1

[Event "AUTO-BEG-107"]
[Site "http://www.queenalice.com/game.php?id=222677"]
[Date "2007.6.9"]
[Round "1"]
[White "lucasboth"]
[Black "lucianoterra"]
[Result "1-0"]
[WhiteElo "1262"]
[BlackElo "1385"]

1. Nf3 e6 2. d4 h6 3. e4 g5 4. Nc3 Nf6 5. Bb5 c6 6. Bd3 d6 7. O-O d5 8. e5 Ng4
9. h3 Bb4 10. hxg4 h5 11. Bxg5 Qd7 12. Bf6 Rg8 13. gxh5 b6 14. Qe2 c5 15. a3
Bxc3 16. bxc3 cxd4 17. cxd4 a5 18. Bb5 Nc6 19. h6 Ba6 20. h7 Nxd4 21. hxg8=Q#
1-0

[Event "AUTO-BEG-107"]
[Site "http://www.queenalice.com/game.php?id=222678"]
[Date "2007.6.9"]
[Round "1"]
[White "lucianoterra"]
[Black "lucasboth"]
[Result "0-1"]
[WhiteElo "1400"]
[BlackElo "1176"]

1. e3 d5 2. Qf3 e5 3. Nc3 Nf6 4. Bb5+ c6 5. Be2 Be6 6. b3 Bd6 7. Bf1 O-O 8. h4
Bg4 9. Qg3 e4 10. f4 exf3 11. gxf3 Bxg3+ 12. Kd1 Bf5 13. h5 Nbd7 14. e4 dxe4 15.
fxe4 Nxe4 16. Nxe4 Bxe4 17. Rh3 Qf6 18. c3 Qxf1# 0-1

[Event "AUTO-BEG-107"]
[Site "http://www.queenalice.com/game.php?id=222689"]
[Date "2007.6.9"]
[Round "1"]
[White "lucianoterra"]
[Black "kingtrishul"]
[Result "1-0"]
[WhiteElo "1373"]
[BlackElo "1262"]

1. e3 e5 2. Bc4 d5 3. Bb3 Nf6 4. f4 e4 5. d3 Be6 6. h4 h5 7. d4 Bg4 8. Qd2 Nc6
9. Nc3 Bb4 10. a3 Bxc3 11. bxc3 O-O 12. c4 dxc4 13. Bxc4 Rb8 14. d5 Ne7 15. Bb2
Nfxd5 16. Qd4 Bf5 17. Qxg7# 1-0

[Event "AUTO-BEG-107"]
[Site "http://www.queenalice.com/game.php?id=222690"]
[Date "2007.6.9"]
[Round "1"]
[White "kingtrishul"]
[Black "lucianoterra"]
[Result "1-0"]
[WhiteElo "1244"]
[BlackElo "1385"]

1. e4 e5 2. Nf3 Nc6 3. d4 Qf6 4. Be3 d6 5. Nc3 Bg4 6. Nd5 Qd8 7. dxe5 dxe5 8. h3
Bxf3 9. Qxf3 Bb4+ 10. c3 Bd6 11. Bb5 a6 12. Bxc6+ bxc6 13. Nb4 Bxb4 14. cxb4 Qd3
15. Rd1 Qc2 16. Bc1 Rd8 17. O-O Rxd1 18. Rxd1 Nf6 19. Qf5 Nxe4 20. Qxe5+ Kf8 21.
Rd8# 1-0

[Event "Challenge"]
[Site "http://www.queenalice.com/game.php?id=237845"]
[Date "2007.7.10"]
[Round "-"]
[White "saturnin"]
[Black "lucianoterra"]
[Result "1-0"]
[WhiteElo "1375"]
[BlackElo "1365"]

1. e4 e6 2. Nf3 d5 3. exd5 exd5 4. d4 c5 5. Bb5+ Bd7 6. Qe2+ Qe7 7. Bxd7+ Nxd7
8. Nc3 cxd4 9. Nxd5 Qxe2+ 10. Kxe2 O-O-O 11. Nxd4 Nb6 12. Nxb6+ axb6 13. Nb5
Re8+ 14. Be3 Nf6 15. Rhd1 Bc5 16. c3 Ng4 17. Nd6+ Bxd6 18. Rxd6 Kc7 19. Rad1
Nxh2 20. Rd7+ Kc6 21. c4 Re6 22. Rxf7 g6 23. a4 Rhe8 24. Rxh7 Ng4 25. b4 Nf6 26.
b5# 1-0

[Event "Challenge"]
[Site "http://www.queenalice.com/game.php?id=238987"]
[Date "2007.7.12"]
[Round "-"]
[White "mogerio"]
[Black "lucianoterra"]
[Result "0-1"]
[WhiteElo "1353"]
[BlackElo "1350"]

1. e4 e5 2. d4 Qh4 3. g3 Qxe4+ 4. Be2 Qxh1 5. Bf3 Qxg1+ 6. Kd2 Qxf2+ 7. Be2 exd4
8. c3 dxc3+ 9. Kxc3 Qxh2 10. Qd2 Qxg3+ 11. Qd3 Qe1+ 12. Qd2 Qg3+ 13. Qd3 Qe5+
14. Qd4 Qxe2 15. Qe3+ Qxe3+ 16. Bxe3 Nc6 17. Na3 Bb4+ 18. Kd3 Ne5+ 19. Kd4 d6
20. Nb5 c5+ 21. Kd5 Be6+ 22. Ke4 O-O-O 23. Nxa7+ Kb8 24. Nb5 Nf6+ 25. Kf4 h6 26.
Re1 g5+ 27. Kg3 Nh5+ 28. Kg2 Bd5+ 29. Kf2 Ng4+ 30. Kf1 Bc4+ 31. Re2 Nxe3+ 32.
Kf2 Nd1+ 33. Kf1 Ng3+ 0-1

[Event "Challenge"]
[Site "http://www.queenalice.com/game.php?id=241268"]
[Date "2007.7.17"]
[Round "-"]
[White "dvgm"]
[Black "lucianoterra"]
[Result "0-1"]
[WhiteElo "1240"]
[BlackElo "1338"]

1. e4 d5 2. Nc3 d4 3. Nd5 e6 4. Nb4 Bxb4 5. c3 dxc3 6. dxc3 Bc5 7. Nf3 Qf6 8.
Bc4 Bd7 9. Bg5 Qg6 10. O-O Qxe4 11. Re1 Qxc4 12. Ne5 Qb5 13. Nxd7 Qxd7 14. Bd2
Bb6 15. g3 Qd5 16. Be3 Nf6 17. Qxd5 Nxd5 18. Bxb6 axb6 19. c4 Nb4 20. a3 Nc2 0-1

[Event "Challenge"]
[Site "http://www.queenalice.com/game.php?id=255664"]
[Date "2007.8.14"]
[Round "-"]
[White "cesarlm"]
[Black "lucianoterra"]
[Result "1-0"]
[WhiteElo "2260"]
[BlackElo "1368"]

1. e4 e6 2. d4 Nc6 3. Nf3 g6 4. Bb5 Nce7 5. Be3 c6 6. Bd3 b5 7. c4 Ba6 8. c5
Qa5+ 9. Bd2 Qc7 10. Qe2 h5 11. O-O O-O-O 12. a4 Nf6 13. axb5 Bb7 14. Ba5 Qf4 15.
Bxd8 Kxd8 16. Rxa7 Kc8 17. Nc3 Kb8 18. Rfa1 cxb5 19. Nxb5 Nc8 20. R7a2 h4 21. h3
d6 22. b4 dxc5 23. bxc5 Nd7 24. Nd2 Bg7 25. Nb3 f5 26. e5 Qg5 27. f3 f4 28. Be4
Bxe4 29. Qxe4 Ncb6 30. Ra8+ Nxa8 31. Rxa8# 1-0

[Event "Challenge"]
[Site "http://www.queenalice.com/game.php?id=336450"]
[Date "2008.1.14"]
[Round "-"]
[White "cazedani"]
[Black "lucianoterra"]
[Result "1-0"]
[WhiteElo "1331"]
[BlackElo "1366"]

1. d4 e6 2. e4 c6 3. Nf3 Qe7 4. Nc3 b5 5. Bg5 f6 6. Bf4 g5 7. Be3 h5 8. e5 g4 9.
exf6 Nxf6 10. Ne5 d6 11. Ng6 Qg7 12. Nxh8 Qxh8 13. Nxb5 cxb5 14. Bxb5+ Bd7 15.
Qd3 a6 16. Bxd7+ Nbxd7 17. Qg6+ Kd8 18. O-O-O Qh7 19. Qxh7 Nxh7 20. Rhe1 d5 21.
Bf4 Ke7 22. Rd3 Nb6 23. Rde3 Nc4 24. Rxe6+ Kf7 25. Rc6 Bb4 26. Rc7+ Kg6 27. Re6+
Kf5 28. Ree7 Nf8 29. g3 Ng6 30. Rh7 Re8 31. Rxh5+ Ke4 32. Rd7 Kxd4 33. Rhxd5+
Ke4 34. Rd4+ Kf5 35. Rxc4 Be7 36. c3 Rd8 37. Rxd8 Bxd8 38. Bc7 Be7 39. Ra4 Bg5+
40. Bf4 Bxf4+ 41. gxf4 Ne7 42. Rxa6 Kxf4 43. Rf6+ Kg5 44. Ra6 Kh4 45. Ra4 Nc6
46. f3 Ne5 47. fxg4 Kh3 48. g5 Kxh2 49. b4 Nd3+ 50. Kd2 Nb2 51. Ra8 Nc4+ 52. Ke2
Nb6 53. Rh8+ Kg3 54. g6 Nd5 55. Rc8 Nf4+ 56. Kd2 Nxg6 57. a4 Ne7 58. Re8 Nd5 59.
Re3+ Kg4 60. b5 Kf4 61. Re8 Nf6 62. Rf8 Ke5 63. Rxf6 Kxf6 64. c4 Ke6 65. Kd3 Kd7
66. Kd4 Kc7 67. Kc5 Kc8 68. a5 1-0

[Event "Challenge"]
[Site "http://www.queenalice.com/game.php?id=352772"]
[Date "2008.2.11"]
[Round "-"]
[White "CesarLMarques"]
[Black "lucianoterra"]
[Result "1-0"]
[WhiteElo "2259"]
[BlackElo "1366"]

1. e4 e6 2. d4 b6 3. Nc3 Bb7 4. Nf3 Bb4 5. Bd2 Bxc3 6. Bxc3 Bxe4 7. d5 Bxd5 8.
Bxg7 Bxf3 9. Qxf3 c6 10. Bxh8 f6 11. Qh5+ Ke7 12. Qxh7+ Kd6 13. O-O-O+ Kc7 14.
Bc4 Qe7 15. Qxg8 Qd8 16. Bxe6 Qxg8 17. Bxg8 Na6 18. Bc4 Rxh8 19. Bxa6 b5 20. a4
Rh5 21. Rd4 Kb6 22. axb5 cxb5 23. Bc8 Rh7 24. Rxd7 Rxd7 25. Bxd7 b4 26. Rd1 a5
27. Ba4 f5 28. c4 Kc5 29. b3 f4 30. Rd5+ Kb6 31. Kc2 1-0